00503nam a2200205Ia 4500003000900000008004100009040001300050040001300063041000800076100001800084245008000102250001200182260002100194260000900215300001100224300001000235490002200245490000700267600002300274IT-RoPAU120407s9999 xx 000 0 und d aIT-RoPAU cIT-RoPAU aita aPeter Lippert aLa Chiesa: una minoranza senza speranza? Vers. dal tedesco di Franco Manci. aCatania aEdizioni Paoline c1971 a120 p. c17 cm aCollanina Biblica v16 a1. Chiesa - studi.